• 首页
  • 本馆介绍
  • 公告通知
  • 最新文献
  • 馆藏检索
  • 电子资源
  • 读者导购
  • 参考咨询
  • 我的图书馆
  • 登录
  • 详细信息显示
  • 放入我的书架
  • 预约/预借图书
  • 作者相关作品
  • 分类相关作品
  • 丛书相关作品
  • 出版社相关作品

书目信息

  • 表格格式
  • 工作单格式
  • 卡片格式
题名:
低碳生活方式论
    
 
作者: 孟祥远 著
分册:  
出版信息: 南京   东南大学出版社  2012.12
页数: 251页
开本: 24cm
丛书名: 能源与低碳发展研究丛书
单 册:
中图分类: TK01
科图分类:
主题词: 节能--研究--中国 , 节能
电子资源:
ISBN: 978-7-5641-4068-7
000 00899oam2 2200277 450
001 0000500025763
005 20130704153828.45
010    @a978-7-5641-4068-7@dCNY45.00
100    @a20130403d2012 em y0chiy50 ea
101 0  @achi
102    @aCN@b320000
105    @aa z 000yy
106    @ar
200 1  @a低碳生活方式论@9di tan sheng huo fang shi lun@f孟祥远著
210    @a南京@c东南大学出版社@d2012.12
215    @a251页@c图@d24cm
225 2  @a能源与低碳发展研究丛书
330    @a本书共分为八章,主要内容包括:低碳生活方式何以可能;低碳消费;低碳休闲生活方式;低碳家庭生活方式;低碳社区生活方式等。
333    @a节能研究相关人员
461  0 @12001 @a能源与低碳发展研究丛书@1701 0@a邹志刚@4主编
606 0  @a节能@x研究@y中国
606 0  @a节能
690    @aTK01@v5
701  0 @a孟祥远@9meng xiang yuan@4著
801  0 @aCN@b人天书店@c20130403
905    @b547346-49@dTK01@e120@f4
    
    低碳生活方式论/孟祥远著.-南京:东南大学出版社,2012.12
    251页:图;24cm.-(能源与低碳发展研究丛书)
    使用对象:节能研究相关人员
    
    ISBN 978-7-5641-4068-7:CNY45.00
    本书共分为八章,主要内容包括:低碳生活方式何以可能;低碳消费;低碳休闲生活方式;低碳家庭生活方式;低碳社区生活方式等。
●
相关链接 在E读中查询图书 在五车中查询图书 在当当中查询图书 在豆瓣中查询图书


正题名:低碳生活方式论     索取号:TK01/120         预约/预借

序号 登录号 条形码 馆藏地/架位号 状态 备注
1 547346   205473469   第二样本阅览室/ [索取号:TK01/120] 在馆    
2 547347   205473478   第三借阅区/ [索取号:TK01/120] 在馆    
3 547348   205473487   第三借阅区/ [索取号:TK01/120] 在馆    
4 547349   205473496   第三借阅区/ [索取号:TK01/120] 在馆    
唐山师范学院图书馆 欢迎您!
大连网信软件有限公司© 版权所有